| 000 | 00455nam a22001577a 4500 | ||
|---|---|---|---|
| 020 | _a9780190698621 | ||
| 040 | _cNUST | ||
| 082 | _a537 SAD | ||
| 100 | _a Sadiku, Matthew N. O. | ||
| 110 |
_aNelatury, Sudarshan.R _9100006 |
||
| 245 | _aElements of Electromagnetics | ||
| 250 | _aInternational Seventh Edition | ||
| 260 |
_aNew York: _bOxford University Press, _c2021. |
||
| 650 |
_aElements of Electromagnetics.NUSTTB2022 _9102792 |
||
| 942 |
_2ddc _cBK |
||
| 999 |
_c591357 _d591357 |
||